| 000 | 02092nam a22003497a 4500 | ||
|---|---|---|---|
| 001 | BR2023000529 | ||
| 003 | BR-BrBNA | ||
| 005 | 20230601155943.0 | ||
| 008 | 230517b bl.||||| |||| 00| 0 por d | ||
| 020 | _a978-85-7035-801-1 | ||
| 040 |
_aBR-BrBNA _bpor |
||
| 041 | _apor | ||
| 072 | _aB50 ; A50 ; C20 | ||
| 090 | _aB50 BR2023000529 | ||
| 100 | _aDuarte, Jorge | ||
| 110 | _aEmpresa Brasileira de Pesquisa Agropecuária, Brasília, DF (Brazil) | ||
| 245 | _aProsa com Eliseu: entrevista com Jorge Duarte | ||
| 260 |
_aBrasília, DF (Brazil) : _bEmbrapa _c2018 |
||
| 300 |
_a155 p. _bil. color. _c16 cm x 22 cm |
||
| 500 | _a5 ref.; 10 illus. | ||
| 505 | _aEste livro resultou de uma entrevista idealizada pelo jornalista Jorge Duarte, em que o entrevistado é um dos mais renomados e reconhecidos presidentes da Embrapa: Eliseu Alves. Escrita em linguagem coloquial, muitas vezes com notas de afetividade, a entrevista teve duas motivações. A primeira foi conhecer a história particular de Eliseu Roberto de Andrade Alves: a família, a região onde cresceu, os aprendizados com a formação acadêmica, os desafios profissionais e as inovações teóricas e práticas que resultaram em grandes contribuições à atividade agropecuária brasileira, prioritariamente quando ele esteve à frente de empresas públicas que ajudou a fundar e administrar. A segunda foi conhecer a visão referencial do pesquisador Eliseu Alves sobre os fundamentos, a direção, a trajetória da pesquisa agropecuária e os desafios da extensão rural e da pobreza rural no Brasil. Assim, podemos dizer que é um relato histórico sobre a composição vital do percurso tecnológico da atividade rural no Brasil. | ||
| 650 | _aHISTÓRIA | ||
| 650 | _aBIOGRAFIA | ||
| 650 | _aPESQUISA AGRÍCOLA | ||
| 650 | _aPESQUISA PECUÁRIA | ||
| 650 | _aEXTENSÃO RURAL | ||
| 650 | _aTECNOLOGIA | ||
| 650 | _aELISEU ALVES | ||
| 856 | _uhttps://www.embrapa.br/busca-de-publicacoes/-/publicacao/1090761/prosa-com-eliseu-entrevista-a-jorge-duarte | ||
| 909 |
_a202305 _bFernando |
||
| 942 | _cBK | ||
| 999 |
_c9134 _d9134 |
||